[Event "GER-ch Net Amateur Gr-A Vor2"]
[Site "Playchess.com INT"]
[Date "2020.04.15"]
[Round "4"]
[White "Schulz, Michael"]
[Black "Ahrends, Norbert"]
[Result "0-1"]
[WhiteElo "1979"]
[BlackElo "1765"]
[PlyCount "124"]
[EventDate "2020.04.15"]
[EventType "swiss (blitz)"]
[EventRounds "9"]
[EventCountry "GER"]
[SourceTitle "CBM 196 Extra"]
[Source "ChessBase"]
[SourceDate "2020.07.31"]
[SourceVersion "1"]
[SourceVersionDate "2020.07.31"]
[SourceQuality "1"]

1. d4 d5 2. Bg5 h6 3. Bh4 c5 4. Nc3 Nf6 5. Bxf6 exf6 6. e3 Be6 7. Nf3 Nc6 8. Bb5 Qb6 9. 0-0 a6 10. Bxc6+ bxc6 11. Na4 Qa5 12. Nxc5 Bxc5 13. dxc5 Qxc5 14. c3 0-0 15. Qd4 Qd6 16. b4 a5 17. a3 Ra6 18. c4 Rfa8 19. c5 Qb8 20. Rab1 axb4 21. axb4 Ra4 22. h3 Qb5 23. Rb2 Rb8 24. Rfb1 Bf5 25. Rc1 Rxb4 26. Rxb4 Qxb4 27. Qxb4 Rxb4 28. Nd4 Bd7 29. Ra1 Rc4 30. Ra7 Be6 31. Ra5 Bd7 32. Ra7 Be8 33. Ra8 Kf8 34. Nxc6 Rxc5 35. Nd4 Rc1+ 36. Kh2 Ke7 37. Nf5+ Kf8 38. Nd6 Ke7 39. Nxe8 g6 40. h4 h5 41. Kg3 Rc2 42. Kf3 Rc4 43. g3 f5 44. Ke2 Rc2+ 45. Kd3 Rxf2 46. Nc7 Rf3 47. Nxd5+ Kd6 48. Rd8+ Ke5 49. Nf4 Rxg3 50. Rd7 Kf6 51. Nd5+ Kg7 52. Nb6 f4 53. Re7 f3 54. Re4 f6 55. Nd5 g5 56. hxg5 fxg5 57. Re5 h4 58. Ne7 Kf6 59. Re4 f2 60. Ke2 Rf3 61. Nd5+ Kf5 62. Ne7+ Kxe4 0-1

[Event "GER-ch Net Amateur Gr-A Vor2"]
[Site "Playchess.com INT"]
[Date "2020.04.15"]
[Round "5"]
[White "Schulz, Michael"]
[Black "Kreigenfeld, Sven"]
[Result "1/2-1/2"]
[WhiteElo "1979"]
[BlackElo "1739"]
[PlyCount "150"]
[EventDate "2020.04.15"]
[EventType "swiss (blitz)"]
[EventRounds "9"]
[EventCountry "GER"]
[SourceTitle "CBM 196 Extra"]
[Source "ChessBase"]
[SourceDate "2020.07.31"]
[SourceVersion "1"]
[SourceVersionDate "2020.07.31"]
[SourceQuality "1"]

1. d4 c5 2. d5 e5 3. e4 d6 4. Nc3 Be7 5. g3 Bg5 6. Nf3 Bxc1 7. Rxc1 Ne7 8. Bg2 0-0 9. 0-0 f5 10. exf5 Bxf5 11. Nh4 Bd7 12. f4 exf4 13. Rxf4 Rxf4 14. gxf4 Na6 15. Be4 Qf8 16. Qh5 g6 17. Qg5 Re8 18. Rf1 Qg7 19. Kh1 Rf8 20. Rg1 Nc7 21. a4 Ne8 22. Bd3 a6 23. a5 Nf6 24. f5 h6 25. Qxg6 Nxg6 26. Rxg6 Ng4 27. Rxg7+ Kxg7 28. Kg2 Ne3+ 29. Kg3 Nxf5+ 30. Nxf5+ Bxf5 31. Ne4 Bxe4 32. Bxe4 Kf6 33. Kf4 Re8 34. h4 Re5 35. c4 Re8 36. b3 Rg8 37. Bf5 Rg7 38. Bc8 Rc7 39. Be6 b6 40. axb6 Rb7 41. Bf5 Rxb6 42. Bc2 Rb8 43. Kg4 a5 44. Kh5 Kg7 45. Kg4 Rf8 46. Bf5 Kf6 47. Bd7 Ke5 48. Kh5 Rf4 49. Ba4 Kd4 50. Kxh6 Rxh4+ 51. Kg5 Rh3 52. Kf5 Kc3 53. Ke6 Rh6+ 54. Kd7 Kb4 55. Kc6 Rf6 56. Kc7 Kc3 57. Kc6 Kd4 58. Kb5 Rf8 59. Kxa5 Rb8 60. Ka6 Kc3 61. Ka7 Rb4 62. Ka6 Kb2 63. Ka5 Ka3 64. Ka6 Rxb3 65. Bxb3 Kxb3 66. Kb5 Kc3 67. Kc6 Kxc4 68. Kxd6 Kb4 69. Ke5 c4 70. d6 c3 71. d7 c2 72. d8Q c1Q 73. Qb6+ Kc3 74. Qc5+ Kb2 75. Qxc1+ Kxc1 1/2-1/2